000
00326nam a2200109Ia 4500
008
171211s9999 xx 000 0 und d
245
_a
Professional Web Design: Techniques And Templates
245
_c
Clint Eccher
260
_c
2014
650
_x
Web Development
856
_u
http://down.ebook777.com/013/ProWebDesTecAndTem.pdf
999
_c
350073
_d
350073